JS Bloor (Measham) Ltd v Calcott (Record no. 69903)

MARC details
000 -LEADER
fixed length control field 01985cam a2200277 4500
001 - CONTROL NUMBER
control field ABS65267
008 - FIXED-LENGTH DATA ELEMENTS--GENERAL INFORMATION
fixed length control field 020403n2002 000 0 eng u
035 ## - SYSTEM CONTROL NUMBER
System control number (Sirsi) u117335
245 ## - TITLE STATEMENT
Title JS Bloor (Measham) Ltd v Calcott
260 ## - PUBLICATION, DISTRIBUTION, ETC.
Date of publication, distribution, etc. 2002
490 ## - SERIES STATEMENT
Series statement Estates Gazette Law Reports
Volume/sequential designation [2002] 09 EG 222-229(8)
520 ## - SUMMARY, ETC.
Summary, etc. ChD 23 November 2001. In 1997 the claimant (B) a property development company acquired from W, another developer, 38 acres of agricultural land. Later in 1997 B's contractors entered the site and began building operations. Only then did B learn of C's claim to an agricultural tenancy. C applied for an injunction to restrain B from entering the site. The county court judge ordered C recover from B damages for trespass. Howeverm he found that C had been deceitful by avoiding signing the 1993 agreement and encouraging W to acting to its detriment by not ending the tenancy. Accordingly, he held that C was not entitled to any equitable relief, and he dismissed the claim for an injunction. B's counterclaim was also dismissed. On 20 June 2000 B served a notice to quite that effectively terminated any tenancy by C. In October 1997, B commenced present proceedings, seeking a declaration it could occupy the land and proceed with its development. B argued that a proprietary estoppel had arisen in its favour due to C's behaviour. C counterclaimed. "Held", the claim was allowed and counterclaim dismissed.
590 ## - LOCAL NOTE (RLIN)
Local note ABS
650 ## - SUBJECT ADDED ENTRY--TOPICAL TERM
Topical term or geographic name entry element AGRICULTURAL HOLDINGS
650 ## - SUBJECT ADDED ENTRY--TOPICAL TERM
Topical term or geographic name entry element PROPRIETARY ESTOPPEL
650 ## - SUBJECT ADDED ENTRY--TOPICAL TERM
Topical term or geographic name entry element TRESPASS
650 ## - SUBJECT ADDED ENTRY--TOPICAL TERM
Topical term or geographic name entry element AGRICULTURAL ACT 1986
650 ## - SUBJECT ADDED ENTRY--TOPICAL TERM
Topical term or geographic name entry element PROPERTY-LANDLORD AND TENANT-TENANCIES-AGRICULTURAL TENANCIES
650 ## - SUBJECT ADDED ENTRY--TOPICAL TERM
Topical term or geographic name entry element PROPERTY-RURAL AND NATURAL ASSETS-AGRICULTURAL PROPERTY-AGRICULTURAL LAND
650 ## - SUBJECT ADDED ENTRY--TOPICAL TERM
Topical term or geographic name entry element INJUNCTIVE RELIEF
650 ## - SUBJECT ADDED ENTRY--TOPICAL TERM
Topical term or geographic name entry element RES JUDICATA
650 ## - SUBJECT ADDED ENTRY--TOPICAL TERM
Topical term or geographic name entry element MEASURE OF DAMAGES
650 ## - SUBJECT ADDED ENTRY--TOPICAL TERM
Topical term or geographic name entry element S BLOOR (MEASHAM) LTD V CALCOTT
690 ## - LOCAL SUBJECT ADDED ENTRY--TOPICAL TERM (OCLC, RLIN)
Topical term or geographic name as entry element LANDLORD AND TENANT-AGRICULTURAL TENANCIES-CASE LAW
942 ## - ADDED ENTRY ELEMENTS (KOHA)
Suppress in OPAC 0
Holdings
Withdrawn status Lost status Source of classification or shelving scheme Damaged status Not for loan Home library Current library Shelving location Date acquired Total Checkouts Full call number Barcode Date last seen Copy number Price effective from Koha item type
    Dewey Decimal Classification     London London Journal article 03/04/2002   ABS65267 117335-1001 06/08/2019 1 06/08/2019 Law report